| 000 | 00582nam a22001937a 4500 | ||
|---|---|---|---|
| 003 | AM-YeHGA | ||
| 005 | 20250617154459.0 | ||
| 008 | 181002b1950 ru ||||| |||| 00| 0 rus d | ||
| 040 | _aAM-YeHGA | ||
| 041 | 0 | _arus | |
| 100 | 1 | _aБондин, Алексей Петрович | |
| 245 | 1 | 0 |
_aИзбранное / _cАлексей Бондин |
| 260 |
_a[Челябинск] . _bЧеляб. обл. гос. изд-во, _c1950 |
||
| 300 |
_a296 с., _b[10] л. ил. |
||
| 600 | 1 | 4 | _a |
| 650 | 1 | 4 | _aСоветская литература |
| 942 |
_2udc _cBK |
||
| 090 | _c415149 | ||
| 999 |
_c412847 _d412847 |
||